1629 1061 1157 1266 1922 1124 1735 1174 1019 1416 1729 1381 1314 1732 1354 1958 1828 1231 1619 1329 1390 1691 1242 1967 1393 1121 1319 1249 1612 1708 1420 1950 1684 1232 1678 1843 1015 1192 1399 1520 1542 1914 1144 1494 1143 1723 1868 1812 1853 1855 1605 1598 1231 1879 1949 1423 1039 1351 1499 1941 1048 1205 1336 1468 1060 1719 1021 1285 1106 1884 1562 1546 1643 1785 1743 1784 1389 1708 1006 1914 1499 1732 1950 1774 1180 1111 1964 1343 1554 1749 1854 1088 1522 1969 1972 1595 1514 1992 1343 BCNSPRNW ULIB Ver.6.0+V

เปลี่ยนเป็นภาษาไทย

Change to English
 แสดงรายละเอียดบรรณานุกรม
  กลับหน้าหลัก

Brief Record : Get Marc (ISO 2709) : E-mail record : QR code < ปิดหน้าต่าง
LEADER : 00000nam 2200000uu 4500
001    13399110953
003     ULIB
008    110614s2550||||th 000 0 tha d
020    9789749601303
050 04 AC158^bภ372ค 2550
100 0  Nathalie Tordjman
245 10 คู่มือ kid ดี /^cNathalie Tordjman, เขียน ; ภัทรมน พัวไพโรจน์, แปล
250    พิมพ์ครั้งที่ 1
260    กรุงเทพฯ :^bนานมีบุ๊คส์พับลิเคชั่นส์,^c2550
300    207 หน้า :^bภาพประกอบ ;^c19 ซม
650  7 อยู่ในสังำคม
650  7 การดำเนินชีวิต
945    ^p195^l0^i025142
995    ทศพร
999 ^a ใช้งานได้ทุกระบบ
รายการนี้ยังไม่มีแท็ก
คุณยังไม่ได้ล็อกอิน คุณสามารถมีกิจกรรมร่วมกับเว็บไซต์ได้ แต่ต้องล็อกอินก่อน ::
  ล็อกอิน

รายการสื่อสารสนเทศ

ลำดับที่ ประเภท เลขเรียก/บาร์โค้ด สถานที่ สถานะ
- ไม่พบข้อมูล -

รายการใกล้เคียง
    หัวเรื่อง [การดำเนินชีวิต]

BibComment


ยังไม่เคยถูกคอมเมนท์

คอมเมนท์ทรัพยากรรายการนี้
  คอมเมนท์: คู่มือ kid ดี Na..


 Copyright 2026. Bcnsprnw @Library